000
00215nam a2200085Ia 4500
245
0
_a
Head hunters
100
_a
CRESPY, Michel London, 2003
_9
95727
942
_c
BK
008
210817s9999 xx 000 0 und d
999
_c
399268
_d
399267